000 00591nam a2200205Ia 4500
003 GCL
008 140319s9999 xx 000 0 eng d
040 _aGCL /
_cGCL
082 0 4 _a780.78
_bM M
100 1 _aMUSGRAVE,MICHAEL
245 1 0 _aTHE MUSIC LIFE OF THE CRYSTAL PALACE /
_cMUSGRAVE,MICHAEL
260 _a[S.N] :
_bCAMBRIBGE UNIVERSITY PRESS ،
_c1995
300 _a272P
650 0 4 _aMUSIC
650 0 4 _aMUSIC - HISTORY AND CRITICISM
650 0 4 _aMUSIC - ENGLAND, 19TH CENTURY
650 0 4 _aMUSIC - ENGLAND, 20TH CENTURY
650 0 4 _aMUSIC - PERFORMANCE
942 _2ddc
_cBK
999 _c11403
_d11403